Countries of Europe A-Z - Statistics

General Stats
  • This quiz has been taken 50 times
  • The average score is 15 of 18
Answer Stats
Hint Answer % Correct
B Belgium
98%
A Austria
90%
F France
90%
H Hungary
90%
U UK
90%
V Vatican
90%
D Denmark
88%
E Estonia
88%
I Italy
85%
K Kosovo
85%
L Lithuania
83%
P Poland
83%
R Romania
83%
G Germany
80%
S Sweden
80%
N Norway
78%
C Czech
76%
M Monaco
76%
No matching quizzes found
Score Distribution
Percent of People with Each Score
Percentile by Number Answered
Your Score History
You have not taken this quiz